01084nam a2200145Ia 4500008004100000020001500041050002300056245009600079260004500175300003600220504005200256505055200308650004900860700002900909120626s2005 mx a 000 0 spa d a9706402705 aRJ84.M6 bE57 200513aLa enseñanza de la pediatría en Méxicob : siglo XXIc / Jesús Kumate (coordinador)3 aMéxicob : El Colegio Nacionalc, 2005 a237 páginasb : ilustraciones aIncluye referencias al final de cada capítulo aLa enseñanza de la pediatría en el siglo XXI. Jesús Kumate Las dos caras de la transición epidemiológica. Romeo S. Rodríguez Nuevos métodos de enseñanza en el curriculum del estudiante de medicina. Javier Rodríguez Suárez La enseñanza de la especialidad de pediatría ¿por edades biológicas o por especialidades? Luis Jasso Gutiérrez La investigación en la educación pediátrica. Roberto R. Kretschmer Bioética en la práctica de la pediatría. Roberto Uribe Elías Prevención en pediatría. Jesús Kumate10aPEDIATRÍAxESTUDIO Y ENSEÑANZAzMÉXICO aKumate, Jesús eeditor